000 00617nam a2200217Ia 4500
003 OSt
005 20221007074837.0
006 a|||||r|||| 00| 0
007 ta
008 221006b |||||||| |||| 00| 0 eng d
024 _a17,776
037 _cReports / Technical Reports
040 _aFLL
_cFLL
_beng
041 _2eng
_aeng
082 _aY:4353.2.N01t, D1
245 0 _aReport Indian famine commission
260 _aNew Delhi
_bAgricole Publishing Academy India
_c1901
300 _a132p
_ccm.
942 _hY:4353.2.N01t, D1
_cREP
_2CC
999 _c1153883
_d1153883